| 000 | 00944cam a2200313 4500 | ||
|---|---|---|---|
| 008 | 090401t1994 xxu||||| |||| 00| 0 eng d | ||
| 020 | _a0853082227 | ||
| 035 | _a(Sirsi) u25864 | ||
| 041 | _aeng | ||
| 050 | _a346.4104342 | ||
| 100 | _aFreedman, Philip | ||
| 245 | _aService charges: law and practice. | ||
| 250 | _aRevised ed. | ||
| 260 |
_aBristol _bJordans _c1994 |
||
| 300 | _axvii,205p. ; 24cm. | ||
| 350 | _a24.95 | ||
| 520 | _aTax notes by Brian Slater. | ||
| 650 | _aBUSINESS TENANCIES | ||
| 650 |
_aProperty management _96262 |
||
| 650 | _aRESERVE FUNDS | ||
| 650 | _aPROPERTY-RESIDENTIAL PROPERTY-RESIDENTIAL LANDLORD AND TENANT-RESIDENTIAL TENANCIES | ||
| 650 | _aSERVICE CHARGES | ||
| 650 | _aSINKING FUNDS | ||
| 650 | _aVALUE ADDED TAX | ||
| 690 | _aPROPERTY-RESIDENTIAL PROPERTY-RESIDENTIAL LANDLORD AND TENANT-RESIDENTIAL TENANCIES | ||
| 700 | _aShapiro, Eric F. | ||
| 942 | _n0 | ||
| 948 | _c04/03/1997 | ||
| 999 |
_c88819 _d88819 |
||